000 00617nam a22002052 4500
001 0000000279
005 20151021151044.0
008 070119s xx 000 0 eng d
020 _a8126505397 :
_cKES 3,400
040 _aKABU
_cKABU
050 0 _aQA76.73
_b.P224B44
245 1 0 _aBeginning PHP5 /
_cDavid W. Mercer ... [et al.]
260 _aNew Delhi :
_bDreamtech,
_c2004.
300 _axxiii, 859 p.
650 0 _aPHP (Computer program language)
_@0000148380
700 1 _aMercer, David W.
_@0000148381
908 _a070119
950 _@1
999 _c139
_d139